ბათუმის შოთა რუსთაველის სახელმწიფო უნივერსიტეტის ბიბლიოთეკა

ლაზარეს წყარო (ბიბ.ჩანაწერი № 49946)

000 -LEADER
fixed length control field 00622nam a2200217Ia 4500
001 - CONTROL NUMBER
control field 16882
003 - CONTROL NUMBER IDENTIFIER
control field GE_BSU
008 - FIXED-LENGTH DATA ELEMENTS--GENERAL INFORMATION
fixed length control field 181216s||||||||xx |||||||||||||| ||und||
040 ## - CATALOGING SOURCE
Transcribing agency GE_BSU
100 ## - MAIN ENTRY--PERSONAL NAME
Personal name გეწაძე, აკაკი
245 ## - TITLE STATEMENT
Title ლაზარეს წყარო
245 ## - TITLE STATEMENT
Remainder of title მოთხრობა
245 ## - TITLE STATEMENT
Statement of responsibility, etc. რედ.ლ.ერისთავი
260 ## - PUBLICATION, DISTRIBUTION, ETC.
Place of publication, distribution, etc. თბილისი
260 ## - PUBLICATION, DISTRIBUTION, ETC.
Name of publisher, distributor, etc. ნაკადული
260 ## - PUBLICATION, DISTRIBUTION, ETC.
Date of publication, distribution, etc. 1976
300 ## - PHYSICAL DESCRIPTION
Extent 226გვ. ; 20სმ
653 ## - INDEX TERM--UNCONTROLLED
Uncontrolled term ლაზარეს წყარო
653 ## - INDEX TERM--UNCONTROLLED
Uncontrolled term მოთხრობა
942 ## - ADDED ENTRY ELEMENTS (KOHA)
Koha item type წიგნი
ეგზემპლარები
Withdrawn status Lost status Damaged status Not for loan Date acquired Barcode Date last seen Price effective from Koha item type
        2018-12-17 21909 2018-12-17 2018-12-17 წიგნი
        2018-12-17 21910 2018-12-17 2018-12-17 წიგნი